<?xml version="1.0" encoding="UTF-8"?>
<record
    xmlns:xsi="http://www.w3.org/2001/XMLSchema-instance"
    xsi:schemaLocation="http://www.loc.gov/MARC21/slim http://www.loc.gov/standards/marcxml/schema/MARC21slim.xsd"
    xmlns="http://www.loc.gov/MARC21/slim">

  <leader>01247nam0a2200325   4500</leader>
  <controlfield tag="001">RU\NLR\BIBL_A\011913690</controlfield>
  <controlfield tag="005">20190125133421.0</controlfield>
  <datafield tag="010" ind1=" " ind2=" ">
    <subfield code="a">978-5-389-15042-3</subfield>
    <subfield code="9">4000</subfield>
  </datafield>
  <datafield tag="021" ind1=" " ind2=" ">
    <subfield code="a">RU</subfield>
    <subfield code="b">&#x41A;&#x41D;-&#x41F;-18-095416</subfield>
    <subfield code="9">&#x41A;&#x41D;-&#x41F;-18-6921</subfield>
  </datafield>
  <datafield tag="035" ind1=" " ind2=" ">
    <subfield code="a">(NLR Aleph) 011913690</subfield>
  </datafield>
  <datafield tag="035" ind1=" " ind2=" ">
    <subfield code="a">(RuMoRGB)009838600</subfield>
  </datafield>
  <datafield tag="090" ind1=" " ind2=" ">
    <subfield code="a">10950868</subfield>
    <subfield code="c">10950868</subfield>
  </datafield>
  <datafield tag="100" ind1=" " ind2=" ">
    <subfield code="a">20190121d2018    u  y0rusy50      ca</subfield>
  </datafield>
  <datafield tag="101" ind1="1" ind2=" ">
    <subfield code="a">rus</subfield>
    <subfield code="c">eng</subfield>
  </datafield>
  <datafield tag="102" ind1=" " ind2=" ">
    <subfield code="a">RU</subfield>
    <subfield code="a">UA</subfield>
  </datafield>
  <datafield tag="105" ind1=" " ind2=" ">
    <subfield code="a">y|||z|||000 y</subfield>
  </datafield>
  <datafield tag="200" ind1="1" ind2=" ">
    <subfield code="a">&#x424;&#x43B;&#x44D;&#x448;-&#x420;&#x43E;&#x44F;&#x43B;&#x44C;</subfield>
    <subfield code="e">[&#x440;&#x43E;&#x43C;&#x430;&#x43D;]</subfield>
    <subfield code="f">&#x41B;&#x438;&#x43D;&#x434;&#x430; &#x41B;&#x430; &#x41F;&#x43B;&#x430;&#x43D;&#x442;</subfield>
    <subfield code="g">[&#x43F;&#x435;&#x440;&#x435;&#x432;&#x43E;&#x434; &#x441; &#x430;&#x43D;&#x433;&#x43B;&#x438;&#x439;&#x441;&#x43A;&#x43E;&#x433;&#x43E; &#x42E;&#x43B;&#x438;&#x438; &#x411;&#x435;&#x43B;&#x43E;&#x43B;&#x430;&#x43F;&#x43E;&#x442;&#x43A;&#x43E;]</subfield>
  </datafield>
  <datafield tag="210" ind1=" " ind2=" ">
    <subfield code="a">&#x421;&#x430;&#x43D;&#x43A;&#x442;-&#x41F;&#x435;&#x442;&#x435;&#x440;&#x431;&#x443;&#x440;&#x433;</subfield>
    <subfield code="c">&#x410;&#x437;&#x431;&#x443;&#x43A;&#x430;</subfield>
    <subfield code="c">&#x410;&#x437;&#x431;&#x443;&#x43A;&#x430;-&#x410;&#x442;&#x442;&#x438;&#x43A;&#x443;&#x441;</subfield>
    <subfield code="a">&#x41A;&#x438;&#x435;&#x432;</subfield>
    <subfield code="c">&#x41C;&#x430;&#x445;&#x430;&#x43E;&#x43D;-&#x423;&#x43A;&#x440;&#x430;&#x438;&#x43D;&#x430;</subfield>
    <subfield code="d">2018</subfield>
  </datafield>
  <datafield tag="215" ind1=" " ind2=" ">
    <subfield code="a">604, [2] &#x441;.</subfield>
    <subfield code="d">22</subfield>
  </datafield>
  <datafield tag="225" ind1="1" ind2=" ">
    <subfield code="a">&#x417;&#x432;&#x435;&#x437;&#x434;&#x44B; &#x43C;&#x438;&#x440;&#x43E;&#x432;&#x43E;&#x433;&#x43E; &#x434;&#x435;&#x442;&#x435;&#x43A;&#x442;&#x438;&#x432;&#x430;</subfield>
  </datafield>
  <datafield tag="320" ind1=" " ind2=" ">
    <subfield code="a">&#x414;&#x440;. &#x43F;&#x440;&#x43E;&#x438;&#x437;&#x432;&#x435;&#x434;&#x435;&#x43D;&#x438;&#x44F; &#x430;&#x432;&#x442;. &#x43D;&#x430; 2-&#x439; &#x441;.</subfield>
  </datafield>
  <datafield tag="333" ind1=" " ind2=" ">
    <subfield code="a">16+</subfield>
  </datafield>
  <datafield tag="686" ind1="1" ind2=" ">
    <subfield code="a">&#x428;6(4&#x412;&#x43B;)67-440.4(&#x41B;&#x445;1299-50)</subfield>
  </datafield>
  <datafield tag="700" ind1=" " ind2="1">
    <subfield code="a">&#x41B;&#x430; &#x41F;&#x43B;&#x430;&#x43D;&#x442;</subfield>
    <subfield code="b">&#x41B;.</subfield>
    <subfield code="f">1943-</subfield>
    <subfield code="g">&#x41B;&#x438;&#x43D;&#x434;&#x430;</subfield>
    <subfield code="3">RU\NLR\AUTH\7710391</subfield>
  </datafield>
  <datafield tag="942" ind1=" " ind2=" ">
    <subfield code="c">BOOK</subfield>
  </datafield>
  <datafield tag="980" ind1=" " ind2=" ">
    <subfield code="a">NBR</subfield>
  </datafield>
  <datafield tag="980" ind1=" " ind2=" ">
    <subfield code="a">NB</subfield>
  </datafield>
</record>
